Wings of tomorrow ; the story of the autogiro /

Bibliographic Details
Main Author: Cierva, Juan de la, 1895-1936
Other Authors: Rose, Donald F., Ray, James G.
Format: Book
Language:English
Published: [New York] : Brewer, Warren & Putnam, [1931]
Subjects:

MARC

Tag First Indicator Second Indicator Subfields
LEADER 00000cam a2200000 4500
001 in00000096412
005 20150925090221.0
008 750314s1931 eng u
010 |a  31015523  
035 |a (OCoLC)01216176 
035 |9 AAL2382AM 
040 |c SMI  |d TXA  |d UtOrBLW 
049 |a TXAM  |c 1 [371796]  |c 2 [484598] 
050 0 0 |a TL715  |b .C5 
100 1 |a Cierva, Juan de la,  |d 1895-1936. 
245 1 0 |a Wings of tomorrow ;  |b the story of the autogiro /  |c by Juan de la Cierva and Don Rose. 
264 1 |a [New York] :  |b Brewer, Warren & Putnam,  |c [1931] 
264 4 |c [©1931] 
300 |a 300 pages :  |b frontispiece, plates, portraits, diagrams ;  |c 21 cm. 
336 |a text  |b txt  |2 rdacontent 
337 |a unmediated  |b n  |2 rdamedia 
338 |a volume  |b nc  |2 rdacarrier 
500 |a Illustrated lining-papers. 
500 |a Written by Juan de la Cierva and edited by Don Rose. 
500 |a "A pilot's manual for the Autogiro, by James G. Ray": chapter xxx. 
536 |a Gift of Ben Allen jr. '56. 
650 0 |a Autogiros. 
700 1 |a Rose, Donald F. 
700 1 |a Ray, James G. 
999 |a MARS 
999 f f |s 39aeaea1-d757-3b25-b121-efc86aa095e5  |i 23c9efa5-6377-3dcb-9dd2-ae8e97926101  |t 0 
952 f f |p ric  |a Texas A&M University  |b Rellis Campus  |c Joint Library Facility  |s JLF  |d Remote Storage  |t 0  |e TL715 .C5  |h Library of Congress classification  |i unmediated -- volume  |m A14805551582 
998 f f |a TL715 .C5  |t 0  |l Remote Storage